00581nam a22002057a 450000500170000000800410001704000070005804100120006508200220007710000290009924500520012826000350018030000280021565000180024365000250026165000200028665000280030665000100033470000310034420221029115127.0221029b ||||| |||| 00| 0 eng d cAL aEnglish 223a954.035bBHAS aShubhabrata Bhattacharya aSubhas Chanddra Bose Pioneer of Indian Planning aNew DelhibPlanning Commission a144 p.bHBc22x14.5 cm. aSocial policy aBose, Subhas Chandra aEconomic policy aPolitics and government aIndia aBHATTACHARYA (Shubhabrata)